Cambridge Practice Tests for IELTS 1
Uloženo v:
| Hlavní autor: | |
|---|---|
| Další autoři: | |
| Médium: | Kniha |
| Jazyk: | English |
| Vydáno: |
Cambridge New York
Cambridge University Press,
2012
|
| Vydání: | 20th ed |
| Témata: | |
| Tagy: |
Přidat tag
Žádné tagy, Buďte první, kdo otaguje tento záznam!
|
| Thư viện lưu trữ: | Trung tâm Học liệu Lê Vũ Hùng, Trường Đại học Đồng Tháp |
|---|
| LEADER | 01868pam a22003018a 4500 | ||
|---|---|---|---|
| 001 | 00030457 | ||
| 005 | 20171026081025.0 | ||
| 008 | 130320s2012 ||||||engsd | ||
| 020 | # | # | |a 9780521497671 |
| 041 | 0 | # | |a eng |
| 082 | 1 | 4 | |a 428 |b C104PR |
| 100 | 1 | # | |a Jakeman, Vanessa |
| 245 | 1 | 0 | |a Cambridge Practice Tests for IELTS 1 |c Vanessa Jakeman, Clare McDowell |
| 250 | # | # | |a 20th ed |
| 260 | # | # | |a Cambridge |b Cambridge University Press, |c 2012 |a New York |
| 300 | # | # | |a iv, 156 p |b ill. |c 28 cm |
| 653 | # | # | |a IELTS |
| 653 | # | # | |a Tiếng Anh |
| 653 | # | # | |a Luyện thi |
| 700 | 1 | # | |a McDowell, Clare |
| 852 | # | # | |b Kho giáo trình |j KGT.0035716, KGT.0035717, KGT.0035718, KGT.0035719, KGT.0036134, KGT.0036135, KGT.0036136, KGT.0036137, KGT.0036138, KGT.0036139, KGT.0036140, KGT.0036141, KGT.0036142, KGT.0036143, KGT.0036144, KGT.0036145, KGT.0036146, KGT.0036147, KGT.0036148, KGT.0036149, KGT.0036150, KGT.0036151, KGT.0036152, KGT.0036153, KGT.0036154, KGT.0036155, KGT.0036156, KGT.0036157, KGT.0036158, KGT.0036159, KGT.0036160, KGT.0036161, KGT.0036162, KGT.0036163, KGT.0036164, KGT.0036165, KGT.0036166, KGT.0036167 |
| 852 | # | # | |b Kho mượn |j KGT.0036134 |
| 852 | # | # | |b Kho đọc |j KD.0014454 |
| 852 | # | # | |j KGT.0036136 |j KGT.0036137 |j KGT.0036139 |j KGT.0036140 |j KGT.0036142 |j KGT.0036143 |j KGT.0036147 |j KGT.0036148 |j KGT.0036150 |j KGT.0036151 |j KD.0014454 |j KGT.0035717 |j KGT.0035718 |j KGT.0036157 |j KGT.0036158 |j KGT.0036160 |j KGT.0036162 |j KGT.0036165 |j KGT.0036167 |j KGT.0036134 |j KGT.0036135 |j KGT.0036144 |j KGT.0036145 |j KGT.0036153 |j KGT.0036154 |j KGT.0036155 |j KGT.0036163 |j KGT.0036164 |j KGT.0035719 |j KGT.0036138 |j KGT.0036141 |j KGT.0036146 |j KGT.0036149 |j KGT.0036152 |j KGT.0036156 |j KGT.0036159 |j KGT.0036161 |j KGT.0036166 |j KGT.0035716 |
| 910 | |d 20/03/2013 | ||
| 980 | # | # | |a Trung tâm Học liệu Lê Vũ Hùng, Trường Đại học Đồng Tháp |


